Menores infractores (Registro nro. 121788)

Detalles MARC
000 -LEADER
fixed length control field 00495nam a22001697a 4500
005 - DATE AND TIME OF LATEST TRANSACTION
control field 20190903094358.0
008 - FIXED-LENGTH DATA ELEMENTS--GENERAL INFORMATION
fixed length control field 161115b1993 mx ||||| |||| 00| 0 spa d
020 ## - INTERNATIONAL STANDARD BOOK NUMBER
International Standard Book Number 9684526997
050 04 - LIBRARY OF CONGRESS CALL NUMBER
Classification number HV9111.A5
Item number T63 1993
100 1# - MAIN ENTRY--PERSONAL NAME
Personal name Tocaven, Roberto,
Relator term autor
245 10 - TITLE STATEMENT
Title Menores infractores
Statement of responsibility, etc / Roberto Tocaven.
250 ## - EDITION STATEMENT
Edition statement 1a ed.
260 ## - PUBLICATION, DISTRIBUTION, ETC. (IMPRINT)
Place of publication, distribution, etc México :
Name of publisher, distributor, etc Porrúa,
Date of publication, distribution, etc c1993
300 ## - PHYSICAL DESCRIPTION
Extent xv, 165 p. ;
Dimensions 22 cm.
650 #7 - SUBJECT ADDED ENTRY--TOPICAL TERM
Source of heading or term lemb
Topical term or geographic name as entry element Delicuencia juvenil
Geographic subdivision México
942 ## - ADDED ENTRY ELEMENTS (KOHA)
Source of classification or shelving scheme Biblioteca del Cogreso de los Estados Unidos
Koha item type Libro
Existencias
Estado de pérdida Fuente de clasificación Estado del daño No para préstamo Ubicación permanente Ubicación actual Apartado o colección Fecha de adquisición Edición Dependencia de educación superior (DES) Área del conocimiento Clasificación Código de Barras Date last seen Número de copia Costo por reposición Tipo de recurso
  Biblioteca del Cogreso de los Estados Unidos     Biblioteca de la Facultad de Derecho y Ciencias Sociales "Felipe J. Tena" Biblioteca de la Facultad de Derecho y Ciencias Sociales "Felipe J. Tena" General 15/11/2016 1a ed. Derecho Ciencias Sociales y Administrativas HV9111.A5 T63 1993 BFD000008056 15/11/2016 1 1.00 Libro
  Biblioteca del Cogreso de los Estados Unidos     Biblioteca de la Facultad de Derecho y Ciencias Sociales "Felipe J. Tena" Biblioteca de la Facultad de Derecho y Ciencias Sociales "Felipe J. Tena" General 15/11/2016 1a ed. Derecho Ciencias Sociales y Administrativas HV9111.A5 T63 1993 BFD000008057 15/11/2016 2 1.00 Libro
  Biblioteca del Cogreso de los Estados Unidos     Biblioteca de la Facultad de Derecho y Ciencias Sociales "Felipe J. Tena" Biblioteca de la Facultad de Derecho y Ciencias Sociales "Felipe J. Tena" General 15/11/2016 1a ed. Derecho Ciencias Sociales y Administrativas HV9111.A5 T63 1993 BFD000008058 15/11/2016 3 1.00 Libro